000 00922cab a2200253 4500
001 ABS50024
008 090401t1994 xxu||||| |||| 00| 0 eng d
035 _a(Sirsi) u73718
041 _aeng
100 _aJeremaih, J.R.
245 _aRights accruing to professional partners
260 _c1994
350 _a0
490 _aNew Law Journal
_v144(6632) 21 January 1994, 86-95(2)
520 _aDiscusses the recent Privy Council decision in the New Zealand case "Hadlee and another v Commissioner of Inland Revenue" which considered how professional partners in a partnership derived their income and the legal nature of their interest in the partnership.
650 _aNEW ZEALAND
650 _aPARTNERSHIPS
650 _aPRIVY COUNCIL
650 _aPROFESSIONAL PARTNERSHIPS
690 _aMANAGEMENT-BUSINESS MANAGEMENT-PROFESSIONAL PRACTICE
690 _aTAXATION
942 _n0
948 _c04/03/1997
999 _c46543
_d46543